Obras de Juan de Timoneda. (Record no. 181627)

MARC details
000 -LEADER
campo de control de longitud fija 00701nam a2200205 i 4500
001 - NÚMERO DE CONTROL
campo de control 181627
003 - IDENTIFICADOR DE NÚMERO DE CONTROL
campo de control ES-MaACL
005 - FECHA Y HORA DE LA ÚLTIMA TRANSACCIÓN
campo de control 20250824085147.0
008 - DATOS DE LONGITUD FIJA--INFORMACIÓN GENERAL
campo de control de longitud fija 130226s1948 sp |||| | spa d
080 ## - NÚMERO DE LA CLASIFICACIÓN DECIMAL UNIVERSAL
Número de la Clasificación Decimal Universal 821.134.2-22"15"
100 1# - ENTRADA PRINCIPAL--NOMBRE DE PERSONA
Nombre de persona Timoneda, Juan de.
9 (RLIN) 110293
245 10 - MENCIÓN DEL TÍTULO
Título Obras de Juan de Timoneda.
Número de parte o sección de la obra 2-3.
260 ## - PUBLICACIÓN, DISTRIBUCIÓN, ETC.
Lugar de publicación, distribución, etc. Madrid :
Nombre del editor, distribuidor, etc. Sociedad de Bibliófilos Españoles,
Fecha de publicación, distribución, etc. 1948.
300 ## - DESCRIPCIÓN FÍSICA
Extensión 2 v. ;
Dimensiones 25 cm.
490 1# - MENCIÓN DE SERIE
Mención de serie Sociedad de Bibliofilos Españoles. Segunda época ;
Designación de volumen o secuencia 21- 22
710 2# - ENTRADA AGREGADA--NOMBRE DE ENTIDAD CORPORATIVA
Nombre de entidad corporativa o nombre de jurisdicción como elemento de entrada Sociedad de Bibliófilos Españoles.
9 (RLIN) 6661
830 10 - PUNTO DE ACCESO ADICIONAL DE SERIE-TÍTULO UNIFORME
Título uniforme Sociedad de Bibliófilos Españoles. Segunda época
Designación de volumen o secuencia 21- 22
9 (RLIN) 191496
852 4# - LOCALIZACIÓN
Ubicación ES-MaACL
Número de control de estantería J-7(II-21-22)
Holdings
Estatus retirado Estado de pérdida Estado de daño No para préstamo Biblioteca de origen Biblioteca actual Ubicación en estantería Fecha de adquisición Fuente de adquisición Total de préstamos Signatura topográfica completa Código de barras Visto por última vez Precio de reemplazo Tipo de ítem Koha
        Biblioteca del Ateneo de Madrid Biblioteca del Ateneo de Madrid Depósito 2 26/02/2013     J-7(II-21-22) 1190872 23/02/2023 23/02/2023 Libro impreso